[Event "Chorzow OPEN FIDE"]
[Site "MDK Chorzow Batory"]
[Date "2010.03.24"]
[Round "5.6"]
[White "Matczyk, Bartosz"]
[Black "Sztwiertnia, Krzysztof"]
[Result "0-1"]
[WhiteElo "2013"]
[BlackElo "2082"]
[PlyCount "58"]
[EventDate "2010.??.??"]

1. e4 c6 2. Nc3 d5 3. Nf3 Bg4 4. h3 Bh5 5. exd5 cxd5 6. Bb5+ Nc6 7. g4 Bg6 8.
Ne5 Rc8 9. Qf3 e6 10. h4 f6 11. Nxg6 hxg6 12. Qe3 Kf7 13. Bxc6 d4 14. Be8+ Qxe8
15. Qxd4 Qc6 16. Ne4 Rd8 17. Qe3 Qxc2 18. h5 gxh5 19. gxh5 Rd5 20. Qf3 Rf5 21.
Qg4 Re5 22. f3 Nh6 23. Qg6+ Kg8 24. O-O Bc5+ 25. Kg2 Kf8 26. Ng3 Nf5 27. Kh3
Rh6 28. Qg4 Nxg3 29. d4 Nxf1 0-1

[Event "Chorzow OPEN FIDE"]
[Site "MDK Chorzow Batory"]
[Date "2010.03.25"]
[Round "6.1"]
[White "Kalinin, Oleg"]
[Black "Mulet, Piotr"]
[Result "1/2-1/2"]
[WhiteElo "2366"]
[BlackElo "2352"]
[PlyCount "44"]
[EventDate "2010.??.??"]

1. d4 Nf6 2. Nf3 g6 3. c4 Bg7 4. Nc3 d5 5. Qb3 dxc4 6. Qxc4 O-O 7. e4 Na6 8.
Be2 c5 9. d5 e6 10. O-O exd5 11. exd5 Bf5 12. a3 Re8 13. Be3 Ne4 14. Rfd1 Nxc3
15. bxc3 Qb6 16. Bd3 Bxd3 17. Qxd3 Qa5 18. Rab1 b6 19. c4 Nb8 20. Qb3 Nd7 21.
Bd2 Qa6 22. Re1 Nf6 1/2-1/2

[Event "Chorzow OPEN FIDE"]
[Site "MDK Chorzow Batory"]
[Date "2010.03.25"]
[Round "6.2"]
[White "Sztwiertnia, Krzysztof"]
[Black "Piesik, Piotr"]
[Result "0-1"]
[WhiteElo "2082"]
[BlackElo "2273"]
[PlyCount "82"]
[EventDate "2010.??.??"]

1. e4 e6 2. d4 d5 3. Nc3 dxe4 4. Nxe4 Bd7 5. Nf3 Bc6 6. Bd3 Nd7 7. Ned2 Ngf6 8.
O-O Be7 9. Nc4 O-O 10. Re1 Bxf3 11. Qxf3 c5 12. Be3 Nd5 13. dxc5 Nxc5 14. Bxc5
Bxc5 15. Be4 Qc7 16. Rad1 Bxf2+ 17. Qxf2 Qxc4 18. b3 Qa6 19. Qh4 Nf6 20. Bd3
Qb6+ 21. Kh1 Rfd8 22. Rf1 e5 23. Rde1 Rd4 24. Qg5 e4 25. Bc4 Rad8 26. Qe5 Qd6
27. Qa5 a6 28. a4 Rd2 29. Bd3 Ng4 30. Rf4 Nf2+ 31. Kg1 Nxd3 32. cxd3 Qd4+ 33.
Kh1 Qxd3 34. Rfxe4 h6 35. R4e3 Qc2 36. h3 R8d5 37. Qb4 Rxg2 38. Qf4 Rdd2 39.
Re8+ Kh7 40. R8e2 Rdxe2 41. Rxe2 Rxe2 0-1

[Event "Chorzow OPEN FIDE"]
[Site "MDK Chorzow Batory"]
[Date "2010.03.25"]
[Round "6.3"]
[White "Koziak, Vitali"]
[Black "Bezimienny, Daniel"]
[Result "1-0"]
[WhiteElo "2478"]
[BlackElo "1828"]
[PlyCount "75"]
[EventDate "2010.??.??"]

1. d4 d5 2. c4 e6 3. Nc3 Nf6 4. Nf3 Be7 5. Bf4 Nbd7 6. e3 b6 7. Qb3 c6 8. Be2
O-O 9. O-O Bb7 10. Rfd1 Qe8 11. h3 Nh5 12. Bh2 g6 13. e4 dxe4 14. Nxe4 Ndf6 15.
Nd6 Qd7 16. Nxb7 Qxb7 17. Ne5 Bd6 18. Bf3 Rac8 19. Qe3 Ng7 20. g4 Nd7 21. Kg2
Qc7 22. Bg3 Nxe5 23. Bxe5 Bxe5 24. dxe5 Rfd8 25. c5 Rd5 26. Bxd5 exd5 27. Rac1
b5 28. f4 Re8 29. Rf1 h6 30. Rce1 Qa5 31. f5 g5 32. a3 b4 33. h4 f6 34. Qd2
Qxc5 35. hxg5 hxg5 36. exf6 Kf7 37. Qxg5 Nxf5 38. Qh5+ 1-0

[Event "Chorzow OPEN FIDE"]
[Site "MDK Chorzow Batory"]
[Date "2010.03.25"]
[Round "6.4"]
[White "Sroka, Janusz"]
[Black "Swiatloch, Tomasz"]
[Result "1/2-1/2"]
[WhiteElo "2114"]
[BlackElo "2113"]
[PlyCount "68"]
[EventDate "2010.??.??"]

1. e4 c5 2. g3 Nc6 3. Bg2 g6 4. d3 Bg7 5. f4 e6 6. Nf3 Nge7 7. c3 O-O 8. Be3 d6
9. O-O Rb8 10. Nbd2 b5 11. e5 dxe5 12. Nxe5 Nxe5 13. fxe5 Bxe5 14. Bxc5 Bb7 15.
d4 Bxg2 16. Kxg2 Bd6 17. Bxd6 Qxd6 18. Ne4 Qc6 19. Qf3 Nd5 20. Nf6+ Kg7 21. a3
Rbc8 22. Kg1 a5 23. Rae1 b4 24. Nxd5 Qxd5 25. Qf6+ Kg8 26. axb4 axb4 27. Re5
Qc4 28. Re3 bxc3 29. bxc3 Qb3 30. Rff3 Ra8 31. Rf2 Ra1+ 32. Kg2 Rc1 33. Qf3 h5
34. Kh3 Ra1 1/2-1/2

[Event "Chorzow OPEN FIDE"]
[Site "MDK Chorzow Batory"]
[Date "2010.03.25"]
[Round "6.5"]
[White "Leczycki, Pawel"]
[Black "Kempa, Stefan"]
[Result "0-1"]
[WhiteElo "1989"]
[BlackElo "2072"]
[PlyCount "146"]
[EventDate "2010.??.??"]

1. d4 Nf6 2. c4 e6 3. Nf3 b6 4. g3 Bb7 5. Bg2 Bb4+ 6. Bd2 a5 7. O-O Be7 8. Bf4
d6 9. Nc3 Nbd7 10. Qc2 c5 11. Nb5 Qb8 12. dxc5 bxc5 13. Rad1 Ra6 14. Nh4 Bxg2
15. Kxg2 Nh5 16. Bd2 O-O 17. a4 f5 18. Nf3 h6 19. Bc3 Qb7 20. h3 e5 21. Kh2 e4
22. Nd2 Ndf6 23. Nb3 Rfa8 24. Qd2 Qb6 25. f3 g5 26. fxe4 Nxg3 27. Bxf6 Nxf1+
28. Rxf1 Bxf6 29. Qd5+ Kg7 30. Rxf5 Rf8 31. Kg2 Qc6 32. Qxc6 Rxc6 33. Nxa5 Rb6
34. Nb3 Bxb2 35. a5 Rc6 36. Rd5 Be5 37. Rd2 Ra8 38. e3 Kf7 39. Kf3 Kg6 40. Kg2
Kf6 41. Kf3 h5 42. Rf2 Kg6 43. Rg2 Rf8+ 44. Ke2 Rf7 45. Nd2 h4 46. Nf3 Bg3 47.
Nd2 Kh5 48. Nf1 Be5 49. Nd2 Ra6 50. Nb3 Bg3 51. Rg1 g4 52. hxg4+ Kxg4 53. e5
dxe5 54. Nxc5 Rxa5 55. Ne4 Ra2+ 56. Kd3 Rd7+ 57. Nbd6 Kf3 58. c5 Ra3+ 59. Kd2
Ra5 60. Ng5+ Kg4 61. Nge4 Rxc5 62. Nxc5 Rxd6+ 63. Ke2 Rb6 64. Ne4 Rb4 65. Kd3
Rxe4 66. Kxe4 h3 67. Rh1 h2 68. Rf1 Kh3 69. Kf3 e4+ 70. Ke2 Kg2 71. Ra1 h1=Q
72. Rxh1 Kxh1 73. Kd2 Be5 0-1

[Event "Chorzow OPEN FIDE"]
[Site "MDK Chorzow Batory"]
[Date "2010.03.25"]
[Round "6.6"]
[White "Krasnodebska, Magdalena"]
[Black "Semik, Tomasz"]
[Result "1-0"]
[WhiteElo "2066"]
[BlackElo "1968"]
[PlyCount "125"]
[EventDate "2010.??.??"]

1. e4 d5 2. exd5 Qxd5 3. Nc3 Qa5 4. d4 Nf6 5. Bc4 Bf5 6. Nf3 c6 7. Bd2 e6 8.
Nd5 Qd8 9. Nxf6+ Qxf6 10. Bg5 Qg6 11. O-O Bd6 12. Qd2 h6 13. Bf4 Be7 14. Rfe1
O-O 15. Ne5 Qh7 16. Re2 Rd8 17. Rae1 Nd7 18. Nxf7 Kxf7 19. Bxe6+ Bxe6 20. Rxe6
Bf6 21. Qc3 Nb6 22. Qb3 Kf8 23. Bd6+ Rxd6 24. Rxd6 Qg6 25. Rde6 Qf7 26. c3 Nd5
27. g3 Kg8 28. Qc2 Rf8 29. a3 Qh5 30. R6e4 Qg6 31. Qe2 Kh8 32. Re8 Qf7 33.
Rxf8+ Qxf8 34. Qe6 Qd8 35. Qf7 Ne7 36. a4 Qg8 37. Rxe7 Bxe7 38. Qxe7 Qb3 39.
Qb4 Qf7 40. b3 Qe6 41. c4 Qe4 42. h4 b6 43. Qf8+ Kh7 44. Qf4 Qb1+ 45. Kg2 Qxb3
46. Qe4+ Kh8 47. Qxc6 Qd3 48. Qd5 Qd1 49. Qa8+ Kh7 50. Qe4+ Kh8 51. Qe8+ Kh7
52. d5 Qd4 53. Qc8 Qe4+ 54. Kh2 Qf3 55. Kg1 Qe4 56. Qc7 Qe1+ 57. Kg2 Qe4+ 58.
Kh2 Qe2 59. Qf4 g5 60. Qf7+ Kh8 61. hxg5 hxg5 62. d6 Qd1 63. d7 1-0

[Event "Chorzow OPEN FIDE"]
[Site "MDK Chorzow Batory"]
[Date "2010.03.25"]
[Round "6.7"]
[White "Blasiak, Miroslaw"]
[Black "Kuciel, Wladyslaw"]
[Result "0-1"]
[WhiteElo "2003"]
[BlackElo "2066"]
[PlyCount "70"]
[EventDate "2010.??.??"]

1. e4 c5 2. Nf3 d6 3. d4 cxd4 4. Nxd4 Nf6 5. Nc3 a6 6. Bg5 e6 7. f4 Be7 8. Qf3
Qc7 9. O-O-O Nbd7 10. Bd3 h6 11. Bh4 g5 12. fxg5 Ne5 13. Qe2 Nfg4 14. Nf3 Nxf3
15. Qxf3 hxg5 16. Bg3 Ne5 17. Bxe5 dxe5 18. Rhf1 Rh7 19. Be2 Bd7 20. Qf2 O-O-O
21. Bg4 Kb8 22. g3 Rc8 23. Rd3 Bc5 24. Qd2 Bd4 25. Rdf3 Bc6 26. Rd3 Qb6 27. Re1
Bf2 28. Rf1 Rxh2 29. Qxg5 Bd4 30. Rxf7 Bxe4 31. Rxd4 Rxc2+ 32. Kd1 Qxd4+ 33.
Ke1 Qg1+ 34. Rf1 Qxg3+ 35. Kd1 Rxb2 0-1

[Event "Chorzow OPEN FIDE"]
[Site "MDK Chorzow Batory"]
[Date "2010.03.25"]
[Round "6.8"]
[White "Jelonek, Michal"]
[Black "Widera, Jan"]
[Result "0-1"]
[WhiteElo "1959"]
[BlackElo "2065"]
[PlyCount "98"]
[EventDate "2010.??.??"]

1. c4 c5 2. g3 Nf6 3. Bg2 Nc6 4. Nf3 g6 5. O-O Bg7 6. Nc3 O-O 7. Rb1 d5 8. cxd5
Nxd5 9. Nxd5 Qxd5 10. Qa4 Bd7 11. d3 Nd4 12. Nxd4 Qxg2+ 13. Kxg2 Bxa4 14. b3
Bd7 15. Nf3 Bc6 16. Be3 b6 17. Rfc1 Rac8 18. Kf1 Bxf3 19. exf3 Rcd8 20. Ke2 Rd5
21. b4 cxb4 22. Rxb4 Ra5 23. a4 f5 24. f4 Rd8 25. Rc7 Kf7 26. Rbc4 Bf6 27. Bd2
Ra6 28. h3 Rd4 29. Rxd4 Bxd4 30. Rc4 Bb2 31. Kd1 Ba3 32. Kc2 Bc5 33. d4 Bd6 34.
Kb3 Ke6 35. Rc8 Kd5 36. Be3 b5 37. axb5 Ra5 38. Rh8 Rxb5+ 39. Ka2 Kc4 40. Rxh7
Bb4 41. Rh8 Ra5+ 42. Kb1 Bc3 43. Kc2 Ra2+ 44. Kc1 Kd3 45. Rb8 Ra1+ 46. Rb1
Rxb1+ 47. Kxb1 Bxd4 48. Bc1 Bxf2 49. g4 e6 0-1

[Event "Chorzow OPEN FIDE"]
[Site "MDK Chorzow Batory"]
[Date "2010.03.25"]
[Round "6.9"]
[White "Michalski, Edmund"]
[Black "Matczyk, Bartosz"]
[Result "0-1"]
[WhiteElo "1906"]
[BlackElo "2013"]
[PlyCount "124"]
[EventDate "2010.??.??"]

1. d4 Nf6 2. Nf3 g6 3. c4 Bg7 4. Nc3 d6 5. e4 O-O 6. Be2 Nbd7 7. O-O e5 8. dxe5
dxe5 9. Qc2 c6 10. Bg5 Qc7 11. Rad1 Nc5 12. Rd2 Ne6 13. Bh4 Nf4 14. Rfd1 Bg4
15. Ne1 Nxe2+ 16. Nxe2 Rad8 17. f3 Rxd2 18. Qxd2 Be6 19. b3 Re8 20. Nc3 Nd7 21.
Nc2 Bf8 22. h3 Rc8 23. Ne3 Bb4 24. Qc1 Qa5 25. Na4 Nc5 26. Qc2 Nxa4 27. bxa4
Bc5 28. Bf2 Rd8 29. Rxd8+ Qxd8 30. Qb2 Qd3 31. Qb3 Qe2 32. Qd1 Qxd1+ 33. Nxd1
Bxf2+ 34. Kxf2 Bxc4 35. Nc3 Kf8 36. g3 Ke7 37. a3 Kd6 38. Ke3 Kc5 39. f4 Bf1
40. fxe5 Bxh3 41. Ne2 Be6 42. Kf4 Kc4 43. Kg5 Kd3 44. Nf4+ Kd4 45. Nxe6+ fxe6
46. Kf6 c5 47. Kxe6 c4 48. Kf6 c3 49. e6 c2 50. e7 c1=Q 51. e8=Q Qxa3 52. Qe5+
Ke3 53. Qf4+ Kd4 54. e5+ Kd5 55. Qd2+ Kc6 56. Qg2+ Kc7 57. Qc2+ Kd8 58. Qd2+
Ke8 59. Qd6 Qxd6+ 60. exd6 b6 61. Kg7 a6 62. Kxh7 b5 0-1

[Event "Chorzow OPEN FIDE"]
[Site "MDK Chorzow Batory"]
[Date "2010.03.25"]
[Round "6.10"]
[White "Kaczmarek, Aleksander"]
[Black "Santura, Janusz"]
[Result "1-0"]
[WhiteElo "2009"]
[BlackElo "1876"]
[PlyCount "105"]
[EventDate "2010.??.??"]

1. e4 c6 2. d4 d5 3. Nc3 dxe4 4. Nxe4 Bf5 5. Ng3 Bg6 6. Nf3 Nd7 7. h4 h6 8. h5
Bh7 9. Bd3 Bxd3 10. Qxd3 Ngf6 11. Bd2 Qc7 12. Ne4 e6 13. O-O-O O-O-O 14. Rh4
Nxe4 15. Qxe4 Nf6 16. Qd3 c5 17. Qa3 Kb8 18. Bf4 Bd6 19. Bxd6 Rxd6 20. dxc5 Rc6
21. Ra4 a6 22. Rc4 Rc8 23. b4 Qe7 24. Nd4 R6c7 25. Qa5 Nd5 26. Rd3 b5 27. Rcc3
Nxc3 28. Rxc3 Ra7 29. Qb6+ Qb7 30. Qd6+ Qc7 31. Nc6+ Ka8 32. Nxa7 Kxa7 33.
Qxc7+ Rxc7 34. Rd3 Kb7 35. Kd2 e5 36. Ke3 f5 37. Rd5 Re7 38. g3 Kc6 39. Rd6+
Kb7 40. c3 Ka7 41. g4 fxg4 42. Rg6 Kb7 43. Rxg4 Kc6 44. Ke4 Rf7 45. Rg6+ Kb7
46. Kxe5 Rxf2 47. Rxg7+ Kb8 48. Rg6 Rxa2 49. Rxh6 Rh2 50. Kd6 Rf2 51. Kc6 Ka7
52. Rh7+ Ka8 53. Kb6 1-0

[Event "Chorzow OPEN FIDE"]
[Site "MDK Chorzow Batory"]
[Date "2010.03.25"]
[Round "6.12"]
[White "Galyga, Jozef"]
[Black "Gwozdzik, Zbigniew"]
[Result "1-0"]
[WhiteElo "1874"]
[BlackElo "1923"]
[PlyCount "84"]
[EventDate "2010.??.??"]

1. e4 Nf6 2. d3 d5 3. Nd2 c6 4. Ngf3 Bg4 5. Be2 g6 6. O-O Bg7 7. e5 Nfd7 8. d4
O-O 9. h3 Bxf3 10. Bxf3 e6 11. c4 Qh4 12. Bg4 f5 13. exf6 Qxf6 14. cxd5 exd5
15. Nf3 h5 16. Bg5 Qd6 17. Bxd7 Nxd7 18. Qd3 Rf5 19. Rae1 Nf6 20. Bxf6 Rxf6 21.
Re2 Raf8 22. Rfe1 Qf4 23. Ne5 Qg5 24. h4 Qf5 25. Qxf5 Rxf5 26. Nxg6 R8f7 27.
Ne7+ Rxe7 28. Rxe7 Bxd4 29. R1e2 b5 30. Rc7 c5 31. Rxa7 Kf8 32. Kf1 b4 33. Rb7
Rf6 34. f3 Ra6 35. b3 Rc6 36. g4 Bc3 37. Ree7 d4 38. Ke2 Rf6 39. gxh5 d3+ 40.
Kxd3 Rxf3+ 41. Kc4 Rh3 42. Rh7 Rxh4+ 1-0

[Event "Chorzow OPEN FIDE"]
[Site "MDK Chorzow Batory"]
[Date "2010.03.25"]
[Round "6.13"]
[White "Klementys, Jerzy"]
[Black "Rychlik, Bogdan"]
[Result "1/2-1/2"]
[WhiteElo "1809"]
[BlackElo "1906"]
[PlyCount "113"]
[EventDate "2010.??.??"]

1. d4 d5 2. c4 e6 3. Nc3 Nf6 4. Bg5 Be7 5. e3 b6 6. cxd5 exd5 7. Nf3 h6 8. Bh4
O-O 9. Be2 Bb7 10. O-O c5 11. Rc1 Nbd7 12. Ne5 Rc8 13. a4 Ne4 14. Nxd7 Qxd7 15.
Bxe7 Nxc3 16. Rxc3 Qxe7 17. Bf3 Rfd8 18. Qd3 Qf6 19. Rfc1 c4 20. Qc2 a6 21. b3
b5 22. axb5 axb5 23. bxc4 b4 24. Rb3 Rxc4 25. Qd2 Rxc1+ 26. Qxc1 Rc8 27. Qd2
Qd6 28. h3 Rc4 29. Be2 Qc6 30. Rxb4 Rc2 31. Qd3 Rc1+ 32. Bf1 g6 33. Rb1 Kg7 34.
Rxc1 Qxc1 35. Qb5 Ba8 36. g3 Qc8 37. Kg2 Bc6 38. Qc5 Qe6 39. Be2 h5 40. h4 Bd7
41. Bf3 Bc6 42. Qb6 Qd7 43. Qb8 Kh7 44. Qe5 f5 45. Qb8 Kg7 46. Qe5+ Kh7 47. Qb8
Kg7 48. Qb4 Bb5 49. Qc5 Bc6 50. Be2 Qe6 51. Bd3 Qd7 52. Bc2 Qb7 53. Qd6 Bb5 54.
Bd1 Bd3 55. Bf3 Qb1 56. Qe7+ Kh6 57. Qf8+ 1/2-1/2

[Event "Chorzow OPEN FIDE"]
[Site "MDK Chorzow Batory"]
[Date "2010.03.25"]
[Round "6.15"]
[White "Tomanek, Jerzy"]
[Black "Faron, Rafal"]
[Result "0-1"]
[WhiteElo "1866"]
[BlackElo "1721"]
[PlyCount "106"]
[EventDate "2010.??.??"]

1. e4 c5 2. f4 e6 3. Nf3 a6 4. c3 d5 5. e5 Nc6 6. d4 cxd4 7. Nxd4 Bc5 8. Be3
Qb6 9. b4 Bxd4 10. Bxd4 Nxd4 11. Qxd4 Qxd4 12. cxd4 Ne7 13. Na3 O-O 14. Bd3 Bd7
15. Ke2 Rfc8 16. Rac1 Nc6 17. Nc2 Rc7 18. a3 Rac8 19. Ke3 Nxd4 20. Kxd4 Ba4 21.
Rhf1 Bxc2 22. Rf2 Bxd3 23. Rxc7 Rxc7 24. Kxd3 Rc4 25. g3 Kf8 26. Rb2 Ke7 27. h3
Kd7 28. Rf2 Rc1 29. Rf3 Re1 30. Kc3 Kc6 31. Kb3 d4 32. Kc4 Rd1 33. a4 b5+ 34.
axb5+ axb5+ 35. Kb3 Kd5 36. Kc2 Rh1 37. f5 Rxh3 38. fxe6 fxe6 39. Kd2 Kxe5 40.
Ke2 Kd5 41. Kf2 Rh2+ 42. Kg1 Rb2 43. Rf7 Rxb4 44. Rxg7 d3 45. Rxh7 Rd4 46. Kf1
d2 47. Rd7+ Ke5 48. Rxd4 Kxd4 49. Ke2 Kc3 50. Kd1 Kd3 51. g4 e5 52. g5 e4 53.
g6 e3 0-1

[Event "Chorzow OPEN FIDE"]
[Site "MDK Chorzow Batory"]
[Date "2010.03.25"]
[Round "6.16"]
[White "Kurzok, Zenon"]
[Black "Richter, Bronislaw"]
[Result "0-1"]
[WhiteElo "1682"]
[BlackElo "1834"]
[PlyCount "80"]
[EventDate "2010.??.??"]

1. e4 g5 2. d4 Bg7 3. c3 h6 4. Be3 d6 5. Nd2 Nf6 6. h3 Nc6 7. Bd3 e5 8. d5 Ne7
9. c4 c6 10. Ne2 Nh5 11. g3 O-O 12. Nc3 Nf6 13. f4 gxf4 14. gxf4 exf4 15. Bxf4
Ng6 16. Bg3 Re8 17. Qf3 Ne5 18. Bxe5 Rxe5 19. O-O-O Rg5 20. Rhg1 Nd7 21. Qe3 c5
22. Nb3 Ne5 23. Be2 Bd7 24. Kb1 Qe7 25. Rg3 Rxg3 26. Qxg3 Qg5 27. Rg1 Qxg3 28.
Rxg3 f5 29. exf5 Bxf5+ 30. Ka1 Re8 31. Nd2 Ng6 32. Bd3 Re1+ 33. Ndb1 Bxd3 34.
Rxd3 Ne5 35. Rg3 Nxc4 36. Rd3 b5 37. Rd1 Ne3 38. Rd2 b4 39. Na4 Rc1 40. a3 b3
0-1

[Event "Chorzow OPEN FIDE"]
[Site "MDK Chorzow Batory"]
[Date "2010.03.25"]
[Round "6.20"]
[White "Jopek, Krzysztof"]
[Black "Muc, Zbigniew"]
[Result "1-0"]
[WhiteElo "1905"]
[BlackElo "1835"]
[PlyCount "109"]
[EventDate "2010.??.??"]

1. d4 Nf6 2. c4 c5 3. d5 e6 4. Nc3 exd5 5. cxd5 d6 6. e4 g6 7. f4 Bg7 8. Nf3
Bg4 9. Be2 O-O 10. O-O Re8 11. h3 Bxf3 12. Bxf3 a6 13. a4 Nbd7 14. g4 h6 15. a5
c4 16. Be3 Qc7 17. Qe2 Rac8 18. h4 Nh7 19. Kg2 Qd8 20. Qf2 Nc5 21. Bxc5 Rxc5
22. e5 Rxa5 23. e6 Rxa1 24. exf7+ Kxf7 25. Rxa1 Bxc3 26. bxc3 Qf6 27. Rb1 Re7
28. Qd2 Nf8 29. Kg3 Rc7 30. Re1 b5 31. g5 Qg7 32. Qe3 h5 33. f5 gxf5 34. Bxh5+
Kg8 35. Qe8 Qxc3+ 36. Re3 Qg7 37. Bd1 Qd4 38. Re1 Qxd5 39. h5 Rg7 40. g6 Qd3+
41. Bf3 Qc3 42. Re3 Qf6 43. Kf2 f4 44. Re4 d5 45. Re5 d4 46. Bd5+ Kh8 47. Re6
Qf5 48. Re4 Qf6 49. Bf7 Rxf7 50. gxf7 Kg7 51. Qe5 Nd7 52. Qxf4 Qxf7 53. h6+ Kg8
54. h7+ Qxh7 55. Re8+ 1-0

[Event "Chorzow OPEN FIDE"]
[Site "MDK Chorzow Batory"]
[Date "2010.03.25"]
[Round "6.22"]
[White "Mirek, Lukasz"]
[Black "Buchowski, Adam"]
[Result "1-0"]
[WhiteElo "1643"]
[BlackElo "1873"]
[PlyCount "71"]
[EventDate "2010.??.??"]

1. d4 c5 2. dxc5 e6 3. Nf3 Bxc5 4. c4 Nf6 5. Nc3 O-O 6. e3 Nc6 7. Be2 b6 8. O-O
Bb7 9. a3 Be7 10. b4 d6 11. Bb2 Rc8 12. Qc2 Qc7 13. Rfd1 Rfd8 14. e4 Nd7 15.
Rac1 Qb8 16. Na2 Bf8 17. Qb1 Nce5 18. Nxe5 dxe5 19. Rd2 Be7 20. Rcd1 Nf8 21.
Rxd8 Bxd8 22. Nc3 Ng6 23. g3 a6 24. Na4 Bc6 25. Nc3 Qa8 26. h4 Ne7 27. f3 f5
28. b5 axb5 29. cxb5 Bb7 30. Rd6 f4 31. gxf4 exf4 32. Qa2 Ng6 33. Qxe6+ Kf8 34.
Rd7 Ne7 35. Bc4 Ke8 36. Rd2 1-0

[Event "Chorzow OPEN FIDE"]
[Site "MDK Chorzow Batory"]
[Date "2010.03.25"]
[Round "6.23"]
[White "Bogacki, Henryk"]
[Black "Hendel, Kazimierz"]
[Result "0-1"]
[WhiteElo "1615"]
[BlackElo "1686"]
[PlyCount "100"]
[EventDate "2010.??.??"]

1. e4 d5 2. exd5 Qxd5 3. Nc3 Qa5 4. d4 c6 5. Nf3 Nf6 6. Bd2 Qd8 7. h3 Bf5 8.
Bc4 e6 9. a4 Nbd7 10. O-O Be7 11. Re1 O-O 12. Nh4 Nb6 13. Bb3 Bg6 14. Nxg6 hxg6
15. Bg5 Nfd5 16. Bxe7 Nxe7 17. Qg4 Nbd5 18. Ne2 Nf5 19. c3 Qh4 20. Qf3 Qg5 21.
g4 Nh4 22. Qg3 Qf6 23. f4 g5 24. Rf1 Qh6 25. Bc2 gxf4 26. Nxf4 g5 27. Nh5 f5
28. Qe5 fxg4 29. hxg4 Nf3+ 30. Rxf3 Rxf3 31. c4 Re3 32. Qh2 Nf4 33. Rf1 Re2 34.
Nf6+ Kg7 35. Qxh6+ Kxh6 36. Bd1 Rg2+ 37. Kh1 Rxb2 38. Bf3 Rd8 39. d5 cxd5 40.
cxd5 exd5 41. Rd1 Kg6 42. Nxd5 Rh8+ 43. Kg1 Rhh2 44. Nxf4+ gxf4 45. Bxb7 Rhd2
46. Be4+ Kg5 47. Rf1 Kxg4 48. Bf3+ Kg3 49. Bc6 Rf2 50. Rd1 f3 0-1

[Event "Chorzow OPEN FIDE"]
[Site "MDK Chorzow Batory"]
[Date "2010.03.26"]
[Round "7.1"]
[White "Piesik, Piotr"]
[Black "Kalinin, Oleg"]
[Result "1/2-1/2"]
[WhiteElo "2273"]
[BlackElo "2366"]
[PlyCount "22"]
[EventDate "2010.??.??"]

1. Nf3 Nf6 2. g3 d5 3. Bg2 c5 4. c3 Nc6 5. d4 cxd4 6. cxd4 Bf5 7. Nc3 e6 8. O-O
Be7 9. Bf4 O-O 10. Ne5 Rc8 11. Rc1 Na5 1/2-1/2

[Event "Chorzow OPEN FIDE"]
[Site "MDK Chorzow Batory"]
[Date "2010.03.26"]
[Round "7.2"]
[White "Mulet, Piotr"]
[Black "Koziak, Vitali"]
[Result "0-1"]
[WhiteElo "2352"]
[BlackElo "2478"]
[PlyCount "54"]
[EventDate "2010.??.??"]

1. e4 c5 2. c3 d6 3. d4 Nf6 4. Bc4 Nc6 5. dxc5 Nxe4 6. Bxf7+ Kxf7 7. Qh5+ g6 8.
Qd5+ Ke8 9. Qxe4 Bf5 10. Qa4 dxc5 11. Nf3 Bd3 12. Ne5 b5 13. Qf4 Nxe5 14. Qxe5
Qd6 15. Bf4 Rg8 16. Qe3 Qd5 17. Nd2 g5 18. Bg3 Rg6 19. O-O-O Re6 20. Qf3 Rd8
21. Qxd5 Rxd5 22. h3 Bg7 23. Nb3 c4 24. Nd2 b4 25. b3 cxb3 26. Nxb3 Rc6 27. Kd2
Bxc3+ 0-1

[Event "Chorzow OPEN FIDE"]
[Site "MDK Chorzow Batory"]
[Date "2010.03.26"]
[Round "7.3"]
[White "Kempa, Stefan"]
[Black "Sztwiertnia, Krzysztof"]
[Result "0-1"]
[WhiteElo "2072"]
[BlackElo "2082"]
[PlyCount "96"]
[EventDate "2010.??.??"]

1. Nf3 Nf6 2. c4 g6 3. Nc3 Bg7 4. d4 O-O 5. e4 d6 6. h3 e5 7. dxe5 dxe5 8. Qxd8
Rxd8 9. Bg5 Rf8 10. O-O-O Nc6 11. Bd3 h6 12. Be3 a6 13. g4 Kh7 14. a3 Ne8 15.
Bc5 Rg8 16. Bc2 Be6 17. b3 Bf8 18. Bxf8 Rxf8 19. Rhe1 f6 20. Nd5 Rf7 21. Ne3
Nd6 22. Kb2 b5 23. c5 Nb7 24. b4 a5 25. Bb3 Bxb3 26. Kxb3 axb4 27. axb4 Ra4 28.
Nc2 Nxb4 29. Nxb4 Nxc5+ 30. Kc3 Ra3+ 31. Kd2 Rxf3 32. Ke2 Rxh3 33. f3 Ne6 34.
Nc6 Nf4+ 35. Kf2 Rh2+ 36. Kg1 Rg2+ 37. Kf1 Rc2 38. Rc1 Rxc1 39. Rxc1 h5 40. g5
h4 41. gxf6 h3 42. Rc2 Rxf6 43. Nxe5 c5 44. Kg1 c4 45. Kh2 Nd3 46. Nxd3 cxd3
47. Rc7+ Kh6 48. Kg3 Rd6 0-1

[Event "Chorzow OPEN FIDE"]
[Site "MDK Chorzow Batory"]
[Date "2010.03.26"]
[Round "7.4"]
[White "Widera, Jan"]
[Black "Sroka, Janusz"]
[Result "0-1"]
[WhiteElo "2065"]
[BlackElo "2114"]
[PlyCount "88"]
[EventDate "2010.??.??"]

1. e4 e5 2. Nf3 d6 3. d4 Nd7 4. Bc4 c6 5. O-O Be7 6. dxe5 dxe5 7. Ng5 Bxg5 8.
Qh5 Qe7 9. Bxg5 Ngf6 10. Qe2 O-O 11. Nd2 b5 12. Bb3 h6 13. Bh4 a6 14. Rad1 Nc5
15. Qe3 g5 16. Bg3 Nh5 17. Qc3 Nf4 18. Rfe1 a5 19. a3 Rd8 20. Kh1 Rd4 21. f3 b4
22. axb4 axb4 23. Qe3 Ba6 24. Bxf4 gxf4 25. Qg1 Rad8 26. Nb1 Nxb3 27. cxb3 Rxd1
28. Rxd1 Rxd1 29. Qxd1 Qc5 30. g3 fxg3 31. Nd2 Qf2 32. hxg3 Be2 33. Qc1 Kg7 34.
Qg1 Bxf3+ 35. Nxf3 Qxf3+ 36. Kh2 Qxe4 37. Qc5 h5 38. Qe7 Qe2+ 39. Kg1 Qe3+ 40.
Kg2 c5 41. Kh3 e4 42. Qe5+ Kg6 43. Kh4 Qf3 44. Qg5+ Kh7 0-1

[Event "Chorzow OPEN FIDE"]
[Site "MDK Chorzow Batory"]
[Date "2010.03.26"]
[Round "7.5"]
[White "Swiatloch, Tomasz"]
[Black "Kaczmarek, Aleksander"]
[Result "1-0"]
[WhiteElo "2113"]
[BlackElo "2009"]
[PlyCount "63"]
[EventDate "2010.??.??"]

1. e4 c6 2. d4 d5 3. exd5 cxd5 4. c4 Nf6 5. Nc3 Nc6 6. cxd5 Nxd5 7. Bc4 e6 8.
Nf3 Be7 9. O-O O-O 10. Re1 Bf6 11. Ne4 Nce7 12. Ne5 b6 13. b3 Bb7 14. Ba3 Nf4
15. Nxf6+ gxf6 16. Qg4+ Nfg6 17. Nxg6 hxg6 18. Bxe6 Kg7 19. Bc4 Re8 20. Bxf7 f5
21. Qe2 Kxf7 22. Qe6+ Kg7 23. Bxe7 Qxd4 24. h3 Qd5 25. Qf6+ Kh7 26. f3 Qg8 27.
Rad1 Qg7 28. Rd7 Rab8 29. Qxg7+ Kxg7 30. Bg5+ Kf8 31. Bh6+ Kg8 32. Rxe8+ 1-0

[Event "Chorzow OPEN FIDE"]
[Site "MDK Chorzow Batory"]
[Date "2010.03.26"]
[Round "7.6"]
[White "Kuciel, Wladyslaw"]
[Black "Krasnodebska, Magdalena"]
[Result "1-0"]
[WhiteElo "2066"]
[BlackElo "2066"]
[PlyCount "73"]
[EventDate "2010.??.??"]

1. Nf3 c5 2. c4 e6 3. Nc3 Nf6 4. g3 Be7 5. Bg2 O-O 6. d4 cxd4 7. Nxd4 Nc6 8.
O-O a6 9. e4 Qc7 10. Be3 d6 11. Rc1 Nxd4 12. Bxd4 Bd7 13. h3 Bc6 14. Nd5 Qd8
15. Bb6 Qd7 16. Be3 exd5 17. exd5 Nxd5 18. cxd5 Bb5 19. Re1 Bf6 20. b3 a5 21.
a4 Ba6 22. Bb6 Bd8 23. Bd4 b5 24. Rc6 bxa4 25. bxa4 Bb7 26. Qh5 Re8 27. Rxe8+
Qxe8 28. Rxd6 Bc7 29. Qg5 Qf8 30. Rd7 Bd8 31. Rxd8 Rxd8 32. Bxg7 Qxg7 33. Qxd8+
Qf8 34. Qg5+ Kh8 35. Qf6+ Kg8 36. d6 Bxg2 37. d7 1-0

[Event "Chorzow OPEN FIDE"]
[Site "MDK Chorzow Batory"]
[Date "2010.03.26"]
[Round "7.7"]
[White "Matczyk, Bartosz"]
[Black "Leczycki, Pawel"]
[Result "1/2-1/2"]
[WhiteElo "2013"]
[BlackElo "1989"]
[PlyCount "58"]
[EventDate "2010.??.??"]

1. e4 e5 2. Nf3 Nc6 3. Bb5 a6 4. Bxc6 dxc6 5. O-O Bg4 6. h3 h5 7. d3 Qf6 8. Be3
Bxf3 9. Qxf3 Qxf3 10. gxf3 Bd6 11. Nc3 Ne7 12. Kh2 O-O-O 13. Rg1 Rdg8 14. Rg3
f6 15. h4 g5 16. hxg5 f5 17. Rg2 f4 18. Bd2 Ng6 19. Kh3 Rg7 20. Ne2 c5 21. Bc3
Rhg8 22. Rag1 Kd7 23. b3 b5 24. Bb2 c6 25. Bc1 Nf8 26. g6 Rxg6 27. Rxg6 Nxg6
28. Rg5 h4 29. c3 Be7 1/2-1/2

[Event "Chorzow OPEN FIDE"]
[Site "MDK Chorzow Batory"]
[Date "2010.03.26"]
[Round "7.9"]
[White "Bezimienny, Daniel"]
[Black "Blasiak, Miroslaw"]
[Result "1-0"]
[WhiteElo "1828"]
[BlackElo "2003"]
[PlyCount "77"]
[EventDate "2010.??.??"]

1. e4 e5 2. Nf3 Nc6 3. Bc4 Nf6 4. d4 exd4 5. Nxd4 Nxe4 6. O-O d5 7. Bb3 Be7 8.
c3 O-O 9. f3 Nxd4 10. cxd4 Nf6 11. Nc3 c6 12. Bc2 Re8 13. Bg5 Nh5 14. f4 g6 15.
Qf3 f5 16. Rae1 Nf6 17. Bb3 Kg7 18. Qh3 Ne4 19. Qh6+ Kh8 20. Nxe4 fxe4 21. Re3
Bd7 22. h4 Bf8 23. Bxd8 Bxh6 24. Bc7 Bg7 25. Be5 Bxe5 26. dxe5 Bf5 27. Rd1 Rad8
28. Rd4 Be6 29. Rc3 Kg7 30. Kf2 Kf8 31. Ke3 Ke7 32. Bd1 Rc8 33. b4 b6 34. Ra3
Rc7 35. g4 Kd8 36. Be2 Kc8 37. Rd1 Kb8 38. Rf1 Rf8 39. h5 1-0